| 000 | 00586nam a2200193 a 4500 | ||
|---|---|---|---|
| 005 | 20210219154445.0 | ||
| 008 | 030611s1986 mx r 000 0 spa d | ||
| 020 | _a9681620461 | ||
| 035 | _aUPN01000125427 | ||
| 049 | _aSEP | ||
| 050 | 4 |
_aAC70 _bB55 no.41 |
|
| 100 | 1 | _aBoissier, Gastón | |
| 245 | 1 | 0 |
_aCicerón y sus amigos, I : _bestudio de la sociedad romana del tiempo de César / _cGaston Beissier. |
| 260 |
_aMéxico : _bSEP : _bCREA : _bFCE, _c1986. |
||
| 300 | _a2 v. | ||
| 440 | 0 |
_aBiblioteca joven ; _v41-42 |
|
| 600 | 1 | 4 |
_aCICERON, MARCO TULIO, _d106-43 A.C. |
| 905 | _aLibro | ||
| 999 |
_c97606 _d97606 |
||